LEADER 01094nam0-22003491i-450 001 990001814090403321 005 20210403105314.0 010 $a92-5-200489-0 035 $a000181409 035 $aFED01000181409 035 $a(Aleph)000181409FED01 035 $a000181409 100 $a20030910d1977----km-y0itay50------ba 101 0 $afre 102 $aIT 105 $ay p 101yy 200 1 $aRapport de la conference mixte FAO-OMS-PNUE sur les mycotoxines$etenue à Nairobi 19-27 septembre 1977$fFAO 210 $aRoma$cFAO$d1977 215 $aIII, 121 p.$d30 cm 225 1 $aÉtude FAO alimentation et nutrition$v002 610 0 $aAlimentazione umana 610 0 $aMicotossine 676 $a613.2$v23$zita 710 12$aConference mixte FAO-OMS-PNUE sur les mycotoxines$f<1977 ;$eNairobi>$0357412 711 02$aFAO$017670 801 0$aIT$bUNINA$gRICA$2UNIMARC 901 $aBK 912 $a990001814090403321 952 $a60 COLL. FAO 01/002$fFAGBC 959 $aFAGBC 996 $aRapport de la conference mixte FAO-OMS-PNUE sur les mycotoxines$91770632 997 $aUNINA